000 00642cam a22002413a 4500
001 32819
003 PGUSA
005 20140828083718.0
008 100614s2010||||xxu|||||s|||||000 1 eng d
040 _aPGUSA
_beng
042 _adc
050 4 _aPS
100 1 _aBeaumont, Charles,
_d1929-1967
245 1 0 _aElegy
_h[electronic resource] /
_cCharles Beaumont
260 _bProject Gutenberg,
_c2010
506 _aPublic domain in the USA.
516 _aElectronic text
653 _aScience fiction
653 _aShort stories
830 0 _aProject Gutenberg
_v32819
856 4 0 _uhttp://www.gutenberg.org/ebooks/32819
942 _cEB
999 _c262074
_d262074